000 00703nam a22002057a 4500
003 OSt
005 20220907181908.0
008 220907b |||||||| |||| 00| 0 eng d
020 _a978-958-48-9883-4
040 _cBiblioteca Lado V
082 _a861.993.8
_bM477j
100 _aMazzoldi, Bruno
245 _aJose Marti, la berenjena sublime y el sórdido pendejo/
260 _aPereira, Colombia
_bSalón Nacional de Artistas
_c2016
300 _a35p.
_c22.5x32.5cm
650 _2Tesauro de Arte & Arquitectura
_aPOESIA
650 _2Tesauro de Arte & Arquitectura
_aLATINOAMERICA
650 _2Tesauro de Arte & Arquitectura
_aSATIRA
942 _2ddc
_c1
_h861.993.8 M477j
_n0
999 _c1945
_d1945